000 00775cam a2200181 4500
001 WS109075
008 000000n 000 0 eng u
035 _a(Sirsi) u109075
110 _aLaw Society of England and Wales
_91639
245 _aSolicitors-online.com
520 _aWeb site set up by the Law Society to provide a searchable list of their members and their companies. Searchable by name, specialism and geographically. Also gives links to details of how to get free legal help, hot to qualify as a solicitor and how to pay for legal help.
650 _aSOLICITORS
650 _aDIRECTORY
650 _aLAW SOCIETY
690 _aLAW
856 4 0 _uhttps://www.solicitors-online.com
_zView the website free of charge at www.solicitors-online.com...
942 _n0
999 _c119695
_d119695